Statistics for Buffy Character Quiz

Click here to take the quiz!

General Stats

  • This quiz has been taken 1,470 times
    (1,422 since last reset)
  • The average score is 18 of 24

Answer Stats

Hint Answer % Correct
Blonde Slayer, Main CharacterBuffy Summers
100%
First vampire with a soul, loved slayer firstAngel
99%
Second vampire with a soul, loved slayer secondSpike
98%
The witch of the groupWillow Rosenberg
98%
The watcherRupert Giles
98%
The civilian scoobie who loses an eyeXander Harris
96%
Brunette Slayer, turned rogueFaith Lehane
94%
Former vengeance demonAnya Christina Emmanuella Jenkins AKA Anyanka AKA Anya Emerson AKA Aud
91%
Mean girl in high school, became "vision girl"Cordelia Chase
91%
Sister of the slayer, made from the slayer, The KeyDawn Summers
88%
Werewolf, loves the witchDaniel Osbourne
88%
Second witch, girlfriend of red haired witch, killed by bulletTara Maclay
86%
Crazy vampire sired by #8, sired #9, can see the futureDrusilla
82%
"GI Joe", Part of the Initiative, loved the slayerRiley Finn
81%
Slayer from Jamaica, throat slitKendra Young
79%
Blonde, "skanky" god searching for The KeyGlorificus
77%
Mom of the slayerJoyce Summers
77%
Groupie of girl above, becomes a vampireHarmony Kendall
75%
"From beneath you, it devours."The First Evil
68%
"Crazy preacher man", agent of character above.Caleb
60%
Original friend of #4 and #5, made into a vampire, staked by #5Jesse McNally
34%
Type of vampire that lives under the Hellmouth.Turok-Han
14%
First potential slayer to walk into the Summers' home, later killed by preacher manMolly
9%
First slayer, even though it was said she "had no speech, no name"Sineya
5%

Score Distribution

Percentile by Number Answered

Percent of People with Each Score

Your Score History

You have not taken this quiz since the last reset